Helldivers 2 Galatic Map Sectors - Statistics

General Stats
  • This quiz has been taken 11 times
  • The average score is 7 of 55
Answer Stats
Planets Answer % Correct
Azterra, Fort Union, Terrek, Cirrus, Heeth, Angel's Venture, Veld Orion
40%
Malevelon Creek, Ubanea, Tibit, Maia, Durgen Severin
40%
Alaraph, Alathfar XI, Andar, Asperoth Prime, Keid Akira
30%
Ursica Xi, Achird III, Darius II, Achernar Secundus, Borgus
30%
Acamar IV, Gacrux, Pandion-XXIV, Phact Bay, Gar Haren, Gatria Jin Xi
30%
Super Earth, Mars Sol System
30%
Azur Secundus, Overgoe Prime, Partion, Peacock, Trandor Sten
30%
Aurora Bay, Merak, Merga IV, Cyberstan, Mekbuda, Vindematrix Prime Valdis
30%
Mortax Prime, Kirrik, Arkturus, Wilford Station, Pioneer II, Electra Bay, Deneb Secundus Arturion
20%
Prosperity Falls, Cerberus IIIc, Effluvia, Seyshel Beach, Fort Sanctuary Cancri
20%
Sulfura, Nublaria I, Krakatwo, Ivis, Moradesh, Slif Celeste
20%
Estanu, Crimsica, Fori Prime Draco
20%
Aesir Pass, Vernen Wells, Menkent Hydra
20%
Barabos, Fenmire, Curia, Tarsh, Mastia Marspira
20%
Hellmire, Nivel 43, Zagon Prime, Oshaune Mirin
20%
Shallus, Shelt, Imber, Gaellivare Talus
20%
Claorell, Vog-Sojoth, Yed Prior, Clasa, Zefia, Demiurg Tanis
20%
Choepessa IV, Varylia 5, Ustotu, Troost, Vandalon IV Trigon
20%
Erata Prime, Fenrir III, Meridia, Turing Umlaut
20%
Skat Bay, Sirius, Siemnot, Shete Xi Tauri
20%
Meissa, Wasat, X-45, Vega Bay, Wezen Ymir
20%
Klaka 5, Kneth Port, Kraz Alstrad
10%
Klen Dahth II, New Haven, Pathfinder V, Pilen V, Widow's Harbor Altus
10%
Darrowsport, Fornskogur II, Hydrofall Prime, Marre IV, Midasburg, Veil Barnard
10%
Bore Rock, Esker, Socorro III, Erson Sands Falstaff
10%
Grand Errant, Polaris Prime, Pherkad Secundus, Pollux 31, Prasa Farsight
10%
Minchir, Mintoria, Blistica, Zzaniah Prime, Zosma Gellert
10%
Ain-5, New Stockholm, Alamak VII, Alairt III, Heze Bay Hanzo
10%
Mordia 9, Euphoria III, Skitter, Kuma Hawking
10%
Providence, Primordia, Krakabos, Iridica, Ratch, Valgaard Iptus
10%
Zegema Paradise, Fort Justice, New Kiruna, Igla, Emeria Kelvin
10%
Crucible, Volterra, Caramoor, Alta V, Inari Korpus
10%
Enuliale, Diaspora X, Epsilon Phoencis VI, Gemstone Bluffs, Omicron, Nabatea Secundus, Navi VII L'Estrade
10%
Emorath, Ilduna Prime, Baldrick Prime, Liberty Ridge Meridian
10%
Duma Tyr, Bekvam III, Julheim, Dolph Nanos
10%
Karlia, Hydrobius, Setia, Senge 23, Seasse Omega
10%
Parsh, Kerth Secundus, Grafmere, Genesis Prime, Oasis, Iro, Valmox Rictus
10%
Gunvald, Borea, Oslo Station Sagan
10%
The Weir, Kuper, Caph, Castor, Lastofe, Tien Kwan Theseus
10%
Mort, Ingmar, Pöplo IX, Mantes, Draupnir Xzar
10%
Marfark, Matar Bay, Martale, Charon Prime, Charbal-VII Andromeda
0%
Kelvinor, Martyr's Bay, Freedom Peak, Viridia Prime, Obari Cantolus
0%
Hadar, Haldus, Zea Rugosia, Herthon Secundus Ferris
0%
Kharst, Bashyr, Rasp, Acubens Prime, Adhara, Afoyay Bay Gallux
0%
Okul VI, Diluvia, Solghast Gothmar
0%
Elysian Meadows, Alderidge Cove, Bellatrix, Botein, Khandark Guang
0%
Wraith, Atrama, Myradesh, Maw Idun
0%
Lesath, Penta, Chort Bay, Choohe Lacaille
0%
Haka, Halies Port, Ras Algethi, Propus Leo
0%
Myrium, Eukoria, Regnus, Mog Morgon
0%
Leng Secundus, Stout, Spherion, Stor Tha Prime, Termadon Quintus
0%
Rirga Bay, Hort, Hesoe Prime, RD-4, Rogue 5 Rigel
0%
Irulta, Reaf, Outpost 32, Calypso Saleria
0%
East Iridium Trading Bay, Brink-2, Osupsam, Canopus, Bunda Secundus Tarragon
0%
Skaash, Acrab Xi, Axcrux Ix, Gemma Ursa
0%
No matching quizzes found
Score Distribution
Percent of People with Each Score
Percentile by Number Answered
Your Score History
You have not taken this quiz